Statistics for March Happenings Quiz

Click here to take the quiz!

General Stats

  • This quiz has been taken 13,464 times
    (6,841 since last reset)
  • The average score is 21 of 31

Answer Stats

Date Year Clue Answer % Correct
Mar 21946Ho Chi Minh is elected President of this countryNorth Vietnam
95%
Mar 71876Alexander Graham Bell is granted a patent for this inventionTelephone
94%
Mar 81957This canal is re-opened following a crisis which had shut it downSuez Canal
89%
Mar 202003The U.S. invades this countryIraq
89%
Mar 1544 BCThis leader is assassinated on the floor of the SenateJulius Caesar
87%
Mar 11998This film becomes the first to gross $1 billion worldwideTitanic
86%
Mar 211963This prison, known as "The Rock", closes after 29 yearsAlcatraz
86%
Mar 181992South Africans pass a referendum to end this practiceApartheid
83%
Mar 61869Dmitri Mendeleev presents this table to the Russian Chemical SocietyPeriodic Table
82%
Mar 112011A 9.0 earthquake strikes this countryJapan
80%
Mar 121938The Anschluss. This country is annexed by GermanyAustria
78%
Mar 132013This Pope is electedFrancis
77%
Mar 41918The first American outbreak of this pandemicSpanish Flu
76%
Mar 261830This Latter-Day Saints religious text is publishedBook of {Mormon}
73%
Mar 231919This leader founds the Fascist movementBenito Mussolini
72%
Mar 271998This drug is approved for the treatment of impotenceViagra
71%
Mar 311889This tower, constructed for the 1889 World's Fair, is officially openedEiffel Tower
71%
Mar 51770British troops massacre five Americans in this cityBoston
71%
Mar 191882Construction begins on the Sagrada Familia cathedral in this city
(It is still under construction today)
Barcelona
70%
Mar 251584Sir Walter Raleigh is given a royal patent to colonize this U.S. stateVirginia
65%
Mar 101969James Earl Ray pleads guilty to the assassination of this leaderMartin Luther King, Jr.
64%
Mar 301959This religious leader enters India, seeking asylumDalai Lama
60%
Mar 291961The 23rd amendment is ratified, allowing citizens of this city
to vote in Presidential elections
Washington D.C.
55%
Mar 241603This Scottish king becomes King of EnglandJames I
53%
Mar 141794Eli Whitney is granted a patent for this inventionCotton Gin
52%
Mar 31861Serfdom is abolished in this countryRussia
50%
Mar 281854This war heats up as the UK and France declare war on RussiaCrimean War
43%
Mar 171969This woman becomes the first female Prime Minister of IsraelGolda Meir
40%
Mar 221993Intel ships this computer chipPentium
34%
Mar 16597 BCJerusalem is captured by this empireBabylon
34%
Mar 91916This Mexican general raids New MexicoPancho Villa
32%

Score Distribution

Percentile by Number Answered

Percent of People with Each Score

Your Score History

You have not taken this quiz since the last reset